Регионална библиотека "Любен Каравелов" - Русе

Българската гора (Запис номер 28070)

MARC детайли
000 -Лидер
Контролно поле с фиксирана дължина 01366nam a2200361 c 4500
003 - Код на организацията, давaща контролен номер
Контролно поле BLK
005 - Дата и час на последна редакция
Контролно поле 20230128151618.0
008 - Елементи от данни с фиксирана дължина
fixed length control field 180407b bul|||||r ||||||| ||bul||
010 ## - Наследен системен номер
LC control number KNG00030658000
020 ## - Международен стандартен номер на книга ISBN
Международен стандартен номер на книга ISBN 954-434-043-2
-- издат.: Калем
040 ## - Източник на каталожния запис
Идентификатор на билиотеката - собственик на записа BLK
041 ## - Код за език
Код за езика на текст/звукозапис или на отделно заглавие Български
Код за езика КДБФ Български
080 ## - УДК
Текстов определител УДК Условия на обкръжаващата среда. Биология на гората
УДК код - определител по УДК 630.1
УДК определител (497.2)(091)
УДК - код + определител 630.1(497.2)(091)
100 1# - Редна дума - Автор
Автор Раденски, Атанас Ангелов
Авторска отговорност първи автор
R(LIN) 269575
139 ## - Редно поле
Редна дума Раденски, Атанас Ангелов
Авторски знак Радевс - Р 13
245 10 - Сведения за заглавието
Заглавие Българската гора
Редно поле (дума) Атанас Ангелов Раденски.
257 ## - Страна на издаване
Страна на създаване/издаване България
260 ## - Област на издателските данни
-- Пловдив
Име на издателя, разпространителя и проч. Калем
Година на издаване 1999
300 ## - Физическа характеристика
Страници 544 с.
Размери/Мащаб 21 см
380 ## - Жанр
Жанр Селско стопанство
500 ## - Общи забележки
Забележка Офс. изд. - Съдържа и За автора. - Библиогр. с. 540-541.
650 #4 - Допълнително описание по предмет – тема
Основно описание – тема или топоним Гори - България
9 (RLIN) 265920
650 #4 - Допълнително описание по предмет – тема
Основно описание – тема или топоним Горско стопанство - България - история
9 (RLIN) 243928
651 #4 - Допълнително описание по предмет - топоним
Географско понятие България
9 (RLIN) 241624
653 ## - Ключова дума – ненормативна
Ключова дума гори
653 ## - Ключова дума – ненормативна
Ключова дума горско стопанство
653 ## - Ключова дума – ненормативна
Ключова дума история
852 ## - Местоположение
Форматна сигнатура Цб 203446
856 4# - Електронен адрес и достъп
Електронен формат pdf - файл
Път до файла /url/
856 4# - Електронен адрес и достъп
Електронен формат pdf - файл
Път до файла /url/
942 ## - АРТИКУЛИ
Вид на библиотечния материал Книги
Скрит в OPAC Не
Koha issues (borrowed), all copies 1
944 ## - СЪЗДАВАНЕ И РЕДАКЦИЯ на ЗАПИСА
Създаване/Редакция Създаване
Дата на регистрацията/редакция 15.01.2003
Статус, дата на статуса ф /
Служител, извършил регистрацията/редакцията AB_DOS
944 ## - СЪЗДАВАНЕ И РЕДАКЦИЯ на ЗАПИСА
Създаване/Редакция Редакция
Дата на регистрацията/редакция 20.11.2015
Статус, дата на статуса ф /
Служител, извършил регистрацията/редакцията Людмила_Стоянова
999 ## - СИСТЕМНИ КОНТРОЛНИ НОМЕРА
Koha biblionumber 28070
Koha biblioitemnumber 28070
Наличности
Код за отписване Код за изгубен артикул Източник на класификационната схема Код за повреда Коз за рестрикции Код за отдаване Артикулен № Име на библиотеката - собственик Име на библиотеката, в която се намира в момента Статус (Текущо местоположение) Дата на вписване в системата Местоположение - отдел Цена в лева Инвентарен номер Систематично азбучна сигнатура Баркод Номер на екземпляра Цена в евро Служебна бележка Служебен тип на артикула
Изтеглен Не е изгубен Universal Decimal Classification Не е повреден без рестрикции заемане за дома 45176 Регионална библиотека "Любен Каравелов" Русе Регионална библиотека "Любен Каравелов" Русе Заемна - подръчен фонд 2001-01-01 Заемна - подръчен фонд 0.00 652191 П 630.1/Р 13 652191 1 0.00 Дост: Pk Вид: Ф N: стар фонд Дата: 01.01.1999 Дата инв: 06.02.2018 Бележки инв: П2018 Книги
  Не е изгубен Universal Decimal Classification Не е повреден без рестрикции ползва се в читалня 45177 Регионална библиотека "Любен Каравелов" Русе Регионална библиотека "Любен Каравелов" Русе Хранилище 2001-01-01 Хранилище 0.00 653468 Цб 203446 120000653468 2 0.00 Дост: Dp Вид: Д N: стар фонд Дата: 01.01.1999 Книги
  Не е изгубен   Не е повреден без рестрикции заемане за дома 45178 Регионална библиотека "Любен Каравелов" Русе Регионална библиотека "Любен Каравелов" Русе Заемна - подръчен фонд 2015-07-10 Заемна - подръчен фонд 18.00 120000789891 П 630.1/Р 13 120000789891 3 9.20 Дост: DA Вид: А N: 11 Дата: 10.07.2015 Дата инв: 06.02.2018 Бележки инв: П2018 Книги
Vip Innovations Ltd, Rousse, Bulgaria 2025